Writing research papers. a guide to the process. / (Record no. 563400)
[ view plain ]
| 000 -LEADER | |
|---|---|
| fixed length control field | 00505nam a2200133Ia 4500 |
| 008 - FIXED-LENGTH DATA ELEMENTS--GENERAL INFORMATION | |
| fixed length control field | 210430s9999 xx 000 0 und d |
| 082 ## - DEWEY DECIMAL CLASSIFICATION NUMBER | |
| Classification number | 001.4 W4151 W |
| 100 ## - MAIN ENTRY--PERSONAL NAME | |
| Personal name | Weidenborner, Stephen and Caruso, Domenick. |
| 9 (RLIN) | 53407 |
| 245 ## - TITLE STATEMENT | |
| Title | Writing research papers. a guide to the process. / |
| Statement of responsibility, etc. | Weidenborner, Stephen and Caruso, Domenick. |
| 260 ## - PUBLICATION, DISTRIBUTION, ETC. | |
| Place of publication, distribution, etc. | [S.l.] : |
| Name of publisher, distributor, etc. | St Martins Pr, |
| Date of publication, distribution, etc. | 1997 |
| 300 ## - PHYSICAL DESCRIPTION | |
| Extent | 1 v. (unpaged) ; |
| 856 ## - ELECTRONIC LOCATION AND ACCESS | |
| Uniform Resource Identifier | <a href="http://www.amazon.com/exec/obidos/ASIN/B000OTF7HS/chopaconline-20">http://www.amazon.com/exec/obidos/ASIN/B000OTF7HS/chopaconline-20</a> |
| 942 ## - ADDED ENTRY ELEMENTS (KOHA) | |
| Koha item type | Book |
| Source of classification or shelving scheme | |
| Withdrawn status | Lost status | Damaged status | Not for loan | Collection code | Permanent Location | Current Location | Shelving location | Date acquired | Total Checkouts | Full call number | Barcode | Date last seen | Price effective from | Koha item type |
|---|---|---|---|---|---|---|---|---|---|---|---|---|---|---|
| School of Chemical & Materials Engineering (SCME) | School of Chemical & Materials Engineering (SCME) | General Stacks | 001.4 W4151 W | SCME-2318 | 04/30/2021 | 04/30/2021 | Book |
